Strategic management journal

Uložené v:
Podrobná bibliografia
Médium: Seriál
Jazyk:English
Vydavateľské údaje: New York Wiley 2007
Predmet:
Tagy: Pridať tag
Žiadne tagy, Buďte prvý, kto otaguje tento záznam!

MARC

LEADER 00000nas2a2200000 4500
001 0129869
005 20110525124929.4
022 |a 0143-2095 
041 0 |a eng 
044 |a US 
245 1 0 |a Strategic management journal 
264 1 |a New York  |b Wiley  |c 2007 
773 0 |w eu_un_cat*s120236 
610 2 0 |a manažment strategický 
610 2 0 |a manažment 
610 2 0 |a podnikanie